|
|
|
|
| LEADER |
00000cam a2200000 i 4500 |
| 001 |
1/89644 |
| 008 |
080625s1986 gre d |
| 035 |
|
|
|l 10098423
|
| 040 |
|
|
|a GR-MY-UA
|b gre
|e aacr
|
| 041 |
0 |
|
|a gre
|
| 082 |
0 |
|
|a 808.899282
|2 (22)
|
| 100 |
1 |
|
|a Σιόλας, Γιάννης Γ.
|
| 245 |
1 |
2 |
|a Ο Χανς Κρίστιαν Άντερσεν και η διεθνής ημέρα παιδικού βιβλίου
|h [ανάτυπο] :
|b δίγλωσσα σχολικά προγράμματα στις Η.Π.Α. /
|c Ιωάννου Γ. Σιόλα.
|
| 260 |
|
|
|a Αθήνα :
|b [χ.ό.],
|c 1986
|
| 300 |
|
|
|a 8 σ.;
|c 24 εκ.
|
| 500 |
|
|
|a Ο πρώτος τίτλος είναι ανάτυπο από το περιοδικό <<Σχολείο και ζωή>>, τεύχος Απριλίου 1986, σελ. 182
|
| 500 |
|
|
|a Ο δεύτερος τίτλος είναι ανάτυπο από το περιοδικό <<Σχολείο και ζωή>>, τεύχος Μαΐου 1986, σελ. 237
|
| 504 |
|
|
|a Βιβλιογραφία: σ. 5
|
| 600 |
0 |
0 |
|a Andersen, H. C.
|q (Hans Christian),
|d 1805-1875
|x Juvenile literature.
|
| 650 |
0 |
0 |
|a Children's literature.
|
| 650 |
0 |
0 |
|a Children
|x Books and reading.
|
| 650 |
0 |
0 |
|a Curriculum planning
|z United States.
|
| 650 |
0 |
0 |
|a Bilingualism in children
|z United States.
|
| 740 |
0 |
2 |
|a Δίγλωσσα σχολικά προγράμματα στις Η.Π.Α.
|
| 852 |
|
|
|a INST
|b RHODES
|c AKA
|e 20080625
|h 808.899282 ΣΙΟ
|p 005400028011
|q 005400028011
|t BK
|y 0
|
| 901 |
|
|
|a BIBL4-2008-2
|
| 909 |
|
|
|a Ρ
|b 150651
|
| 970 |
|
|
|a ΧΑΡΙΟΠΟΛΙΤΟΥ
|b ΚΩΝΣΤΑΝΤΙΝΑ
|z 2008/06/25
|